Itens do Festival Folclórico de Parintins - Statistics

Estatísticas Gerais
  • Esse quiz foi jogado 96 vezes
  • A pontuação média é 13 de 21
Estatísticas das Respostas
Item % Correto
09 Cunhã-Poranga
89%
08 Rainha do Folclore
84%
06 Amo do Boi
81%
05 Porta-Estandarte
81%
01 Apresentador
78%
07 Sinhazinha da Fazenda
78%
12 Pajé
76%
03 Batucada/Marujada
73%
02 Levantador de Toadas
73%
17 Lenda Amazônica
65%
19 Galera
62%
04 Ritual Indígena
57%
11 Toada
57%
16 Alegoria
51%
10 Boi-Bumbá Evolução
51%
15 Figura Típica Regional
49%
14 Tuxauas
43%
18 Vaqueirada
43%
20 Coreografia
38%
21 Organização do Conjunto Folclórico
35%
13 Tribos Indígenas
30%
Nenhum quiz correspondente encontrado
Distribuição das Pontuações
Porcentagem de Pessoas com Cada Pontuação
Percentil de Números Respondidos
Sua Pontuação Histórica
Você não jogou esse quiz